[Event "ch-RUS Blitz 2016"]
[Site "Sochi RUS"]
[Date "2016.10.04"]
[Round "16.1"]
[White "Artemiev, Vladislav"]
[Black "Khismatullin, Denis"]
[Result "1-0"]
[WhiteTitle "GM"]
[BlackTitle "GM"]
[WhiteElo "2663"]
[BlackElo "2617"]
[WhiteFideId "24101605"]
[BlackFideId "4142578"]
[EventDate "2016.10.04"]

1. e4 c5 2. Nf3 d6 3. d4 Nf6 4. Nc3 cxd4 5. Qxd4 a6 6. e5 Nc6 7. Qa4 dxe5 8.
Nxe5 Bd7 9. Nxd7 Qxd7 10. Be3 Rc8 11. Rd1 Qg4 12. Qxg4 Nxg4 13. Bb6 Nf6 14. Be2
e6 15. O-O Bb4 16. Na4 Nd5 17. Bf3 Nxb6 18. Nxb6 Rc7 19. Na8 Rc8 20. Nb6 Rc7 21.
c3 Bc5 22. Nc4 Ke7 23. a4 Rd8 24. g3 g6 25. Kg2 Ba7 26. Rxd8 Nxd8 27. Ne5 f6 28.
Nd3 Nc6 29. Re1 Kf7 30. Nf4 Ne5 31. Bd1 g5 32. Nxe6 Kxe6 33. f4 gxf4 34. gxf4
Rg7+ 35. Kh3 Re7 36. fxe5 fxe5 37. Bf3 Rg7 38. Bg4+ Kd6 39. b4 Rf7 40. Rd1+ Ke7
41. Rd7+ Kf6 42. Rxf7+ Kxf7 43. Bc8 b6 44. Bxa6 Kf6 45. Bd3 h6 46. Kg4 Bb8 47.
Be4 Bd6 48. Kf3 Ke6 49. Ke3 Be7 50. Kd3 Bg5 51. Kc4 Bd2 52. Bf3 Kd6 53. Kb3 Be1
54. Be4 Bd2 55. h4 h5 56. c4 Be1 57. a5 bxa5 58. c5+ Kc7 59. b5 Bf2 60. Kc4 a4
61. b6+ Kd7 62. c6+ 1-0

[Event "ch-RUS Blitz 2016"]
[Site "Sochi RUS"]
[Date "2016.10.04"]
[Round "16.2"]
[White "Dubov, Daniil"]
[Black "Savchenko, Boris"]
[Result "1-0"]
[WhiteTitle "GM"]
[BlackTitle "GM"]
[WhiteElo "2648"]
[BlackElo "2613"]
[WhiteFideId "24126055"]
[BlackFideId "4147332"]
[EventDate "2016.10.04"]

1. d4 Nf6 2. c4 e6 3. g3 d5 4. Bg2 dxc4 5. Nf3 Nc6 6. O-O a6 7. Bf4 Bd7 8. Nbd2
b5 9. a4 Nd5 10. Bg5 Be7 11. Bxe7 Ndxe7 12. Ne4 O-O 13. Nc5 Nf5 14. axb5 axb5
15. Rxa8 Qxa8 16. Nxd7 Rd8 17. Nfe5 Nfxd4 18. Nxc6 Nxc6 19. Bxc6 1-0

[Event "ch-RUS Blitz 2016"]
[Site "Sochi RUS"]
[Date "2016.10.04"]
[Round "16.3"]
[White "Ponkratov, Pavel"]
[Black "Popov, Ivan RUS"]
[Result "0-1"]
[WhiteTitle "GM"]
[BlackTitle "GM"]
[WhiteElo "2589"]
[BlackElo "2596"]
[WhiteFideId "4157800"]
[BlackFideId "4170350"]
[EventDate "2016.10.04"]

1. g3 e5 2. c4 h5 3. Nc3 h4 4. Bg2 Nc6 5. Nf3 h3 6. Bf1 d6 7. d4 Bg4 8. d5 Nce7
9. e4 g6 10. Be2 Bh6 11. Bxh6 Nxh6 12. Nd2 Bxe2 13. Qxe2 Qd7 14. O-O-O O-O-O 15.
f3 f5 16. Qe3 b6 17. b4 fxe4 18. Ncxe4 Qa4 19. Qb3 Qxb3 20. axb3 Nhf5 21. Kb2
Nd4 22. Rdf1 Rdf8 23. Kc3 Rf5 24. Kd3 Rhf8 25. f4 Ng8 26. fxe5 dxe5 27. Rxf5
gxf5 28. Nf2 c5 29. bxc5 bxc5 30. Nxh3 Nf6 31. Ng5 e4+ 32. Kc3 Ng4 33. Ra1 Kb7
34. h3 Ne5 35. h4 e3 36. Nf1 Ng4 37. Re1 Re8 38. b4 e2 39. Nd2 Re3+ 40. Kb2 Nf2
41. bxc5 Nd3+ 42. Ka2 Nxe1 43. c6+ Kc7 0-1

[Event "ch-RUS Blitz 2016"]
[Site "Sochi RUS"]
[Date "2016.10.04"]
[Round "16.4"]
[White "Chigaev, Maksim"]
[Black "Morozevich, Alexander"]
[Result "1/2-1/2"]
[WhiteTitle "IM"]
[BlackTitle "GM"]
[WhiteElo "2551"]
[BlackElo "2683"]
[WhiteFideId "4108116"]
[BlackFideId "4116992"]
[EventDate "2016.10.04"]

1. d4 d5 2. Bf4 Nf6 3. e3 Bg4 4. Be2 Bxe2 5. Qxe2 c6 6. Nf3 e6 7. Nbd2 Nbd7 8.
h3 Be7 9. O-O O-O 10. c4 a5 11. e4 dxe4 12. Nxe4 a4 13. Rfd1 Nxe4 14. Qxe4 Qa5
15. Rab1 Rfd8 16. Qc2 h6 17. b3 axb3 18. axb3 Bf6 19. Bd6 Qh5 20. Qe4 Ra6 21. b4
b5 22. c5 Qd5 23. Qxd5 exd5 24. Ra1 Rda8 25. Rxa6 Rxa6 26. Re1 Ra8 27. Be7 Nf8
28. Bxf6 gxf6 29. Re7 Ne6 30. Rd7 Ra4 31. Rd6 Rxb4 32. Rxc6 Kg7 33. Rd6 Nxd4 34.
Rxd5 Nxf3+ 35. gxf3 Rc4 36. c6 Rxc6 37. Rxb5 1/2-1/2

[Event "ch-RUS Blitz 2016"]
[Site "Sochi RUS"]
[Date "2016.10.04"]
[Round "16.5"]
[White "Bologan, Victor"]
[Black "Andreikin, Dmitry"]
[Result "0-1"]
[WhiteTitle "GM"]
[BlackTitle "GM"]
[WhiteElo "2640"]
[BlackElo "2736"]
[WhiteFideId "13900048"]
[BlackFideId "4158814"]
[EventDate "2016.10.04"]

1. e4 c5 2. Nf3 Nc6 3. Bb5 Nf6 4. Nc3 g6 5. O-O Bg7 6. Bxc6 dxc6 7. h3 O-O 8. d3
Nd7 9. Be3 e5 10. Qd2 Re8 11. Bh6 Bh8 12. Nh2 Nf8 13. f4 exf4 14. Qxf4 Qe7 15.
Bg5 Bd4+ 16. Kh1 Ne6 17. Bxe7 Nxf4 18. Bxc5 Bxc5 19. Rxf4 Bd6 20. Rff1 Be6 21.
Nf3 h6 22. e5 Be7 23. Ne4 Kg7 24. a3 Rad8 25. Rae1 c5 26. Nfd2 b5 27. Nf6 Rh8
28. Nde4 c4 29. dxc4 bxc4 30. c3 Rd3 31. Rd1 Rhd8 32. Rxd3 Rxd3 33. Kg1 g5 34.
Ne8+ Kg6 35. N8d6 h5 36. Nc5 Rd2 37. Nxe6 fxe6 38. Nxc4 Re2 39. Rd1 Bc5+ 40. Kh1
g4 41. Kh2 Kg5 42. Rf1 Kh4 43. hxg4 hxg4 44. b4 Bf2 45. Nd6 g3+ 46. Kh1 Rxe5 0-1

[Event "ch-RUS Blitz 2016"]
[Site "Sochi RUS"]
[Date "2016.10.04"]
[Round "16.6"]
[White "Matlakov, Maxim"]
[Black "Rakhmanov, Aleksandr"]
[Result "1-0"]
[WhiteTitle "GM"]
[BlackTitle "GM"]
[WhiteElo "2691"]
[BlackElo "2662"]
[WhiteFideId "4168003"]
[BlackFideId "4173708"]
[EventDate "2016.10.04"]

1. d4 Nf6 2. Bf4 g6 3. Nc3 d5 4. e3 Bg7 5. h4 h5 6. Nb5 Na6 7. Nf3 c6 8. Nc3 Bf5
9. Bxa6 bxa6 10. Ne5 Qc8 11. Na4 Nd7 12. Nxd7 Bxd7 13. Nc5 Bf5 14. Qd2 f6 15.
O-O-O e5 16. Bg3 O-O 17. f3 Rb8 18. Qc3 Re8 19. Rhe1 Kh7 20. Kb1 Rb5 21. a4 Rb6
22. e4 dxe4 23. dxe5 fxe5 24. Nxe4 Bxe4 25. Rxe4 Qe6 26. Qc4 Qxc4 27. Rxc4 e4
28. b3 exf3 29. gxf3 Re3 30. Rd7 Rxf3 31. Be5 1-0

[Event "ch-RUS Blitz 2016"]
[Site "Sochi RUS"]
[Date "2016.10.04"]
[Round "16.7"]
[White "Shaposhnikov, Evgeny"]
[Black "Bocharov, Dmitry"]
[Result "1-0"]
[WhiteTitle "GM"]
[BlackTitle "GM"]
[WhiteElo "2557"]
[BlackElo "2611"]
[WhiteFideId "4122232"]
[BlackFideId "4138716"]
[EventDate "2016.10.04"]

1. Nf3 g6 2. d4 Bg7 3. c4 Nf6 4. Nc3 O-O 5. e4 d6 6. Be2 Nbd7 7. O-O e5 8. Be3
Re8 9. d5 Bf8 10. Nd2 Kh8 11. b4 Ng8 12. Nb3 f5 13. f3 Bh6 14. Bxh6 Nxh6 15. c5
Nf6 16. Rc1 Nf7 17. cxd6 cxd6 18. Nb5 Re7 19. exf5 gxf5 20. Kh1 a6 21. Nc3 Nh5
22. g3 Nf6 23. Qd2 Qg8 24. f4 Qg6 25. fxe5 Nxe5 26. Nd4 Bd7 27. Qf4 Nfg4 28.
Nxf5 Rf7 29. Bxg4 Nxg4 30. Nh4 Qf6 31. Qxf6+ Rxf6 32. Ne4 Rxf1+ 33. Rxf1 Bb5 34.
Rf4 Ne3 35. Nxd6 Nxd5 36. Rf7 Bc6 37. Nhf5 Rd8 38. Kg1 Nxb4 39. a3 Nc2 40. Rg7
Rd7 41. Nf7+ Rxf7 42. Rxf7 Kg8 43. Nh6+ Kh8 44. Nf5 Kg8 1-0

[Event "ch-RUS Blitz 2016"]
[Site "Sochi RUS"]
[Date "2016.10.04"]
[Round "16.8"]
[White "Pridorozhni, Aleksei"]
[Black "Romanov, Evgeny"]
[Result "1-0"]
[WhiteTitle "GM"]
[BlackTitle "GM"]
[WhiteElo "2579"]
[BlackElo "2619"]
[WhiteFideId "4127870"]
[BlackFideId "4148843"]
[EventDate "2016.10.04"]

1. e4 e5 2. f4 exf4 3. Bc4 Nf6 4. Nc3 c6 5. Qf3 d5 6. exd5 Bd6 7. h3 O-O 8. Nge2
b5 9. Bb3 b4 10. Ne4 Nxe4 11. Qxe4 Re8 12. Qf3 Qh4+ 13. Kd1 a5 14. d3 a4 15. Bc4
g5 16. g3 fxg3 17. dxc6 Ra7 18. Rf1 Be6 19. Be3 Rae7 20. Bxe6 Rxe6 21. Qxf7+ Kh8
22. Bd4+ Be5 23. c7 Bxd4 24. Qxe6 1-0

[Event "ch-RUS Blitz 2016"]
[Site "Sochi RUS"]
[Date "2016.10.04"]
[Round "16.9"]
[White "Moskalenko, Alexander"]
[Black "Riazantsev, Alexander"]
[Result "0-1"]
[WhiteTitle "IM"]
[BlackTitle "GM"]
[WhiteElo "2490"]
[BlackElo "2651"]
[WhiteFideId "4155351"]
[BlackFideId "4125029"]
[EventDate "2016.10.04"]

1. d4 e6 2. Nf3 d5 3. Bf4 c5 4. c3 Nc6 5. e3 Bd6 6. Bg3 Nge7 7. Nbd2 O-O 8. Bd3
f5 9. Ne5 Nxe5 10. dxe5 Bc7 11. f4 Bd7 12. Bh4 b5 13. g4 Qe8 14. Rg1 Bb6 15. Qf3
Bc6 16. Qg3 Ng6 17. gxf5 exf5 18. Bg5 c4 19. Bc2 b4 20. h4 bxc3 21. bxc3 Rf7 22.
h5 Nf8 23. Bf6 Qd7 24. Ke2 Kh8 25. h6 Ng6 26. hxg7+ Kg8 27. Qg5 d4 28. Bxf5 d3+
29. Kf2 Qd5 30. Bxg6 Bxe3+ 31. Ke1 hxg6 32. Qh6 Rxf6 33. exf6 Re8 34. Qh8+ Kf7
35. Qh7 Bxg1+ 36. Kd1 Re1+ 37. Kxe1 Qe6+ 38. Kd1 Qe2+ 39. Kc1 Qe1+ 40. Kb2 Qxd2+
41. Ka3 Qxc3# 0-1

[Event "ch-RUS Blitz 2016"]
[Site "Sochi RUS"]
[Date "2016.10.04"]
[Round "16.10"]
[White "Grachev, Boris"]
[Black "Yuffa, Daniil"]
[Result "1-0"]
[WhiteTitle "GM"]
[BlackTitle "IM"]
[WhiteElo "2628"]
[BlackElo "2534"]
[WhiteFideId "4129199"]
[BlackFideId "24131423"]
[EventDate "2016.10.04"]

1. d4 d5 2. Bf4 Nf6 3. e3 c5 4. c3 Nc6 5. Nd2 Bf5 6. Ngf3 e6 7. Nh4 Bg4 8. Qb3
Qd7 9. h3 Bh5 10. g4 Bg6 11. Nxg6 hxg6 12. Bg2 cxd4 13. exd4 Bd6 14. Bxd6 Qxd6
15. Qxb7 Rb8 16. Nc4 Qd7 17. Qxd7+ Nxd7 18. O-O-O Ke7 19. Rhe1 Kf6 20. f4 g5 21.
f5 exf5 22. Bxd5 Ne7 23. Bg2 Ng6 24. Ne3 Nf4 25. Bc6 Nb6 26. gxf5 Rxh3 27. d5
Rc8 28. Kb1 Rg3 29. c4 Rxe3 30. Rxe3 Nxc4 31. Re4 Nd6 32. Ra4 Rc7 33. Ra6 Kxf5
34. Ba4 Ke5 35. Re1+ Ne4 36. d6 Rc8 37. d7 Rd8 38. Bc2 f5 39. Ra5+ Kf6 40. Bxe4
fxe4 41. Rxe4 Rxd7 42. a3 Nd3 43. Rea4 Ne5 44. Ra6+ Kf5 45. Rxa7 Rd1+ 46. Kc2
Rh1 47. Rxg7 Rh2+ 48. Kc3 Rh3+ 49. Kc2 Rh2+ 50. Kc3 Rh3+ 51. Kb4 Nd3+ 52. Kb5
Nxb2 53. Ra5 Kf6 54. Rg8 Rb3+ 55. Kc5 Rc3+ 56. Kb4 Rc6 57. Raxg5 Rc1 58. R8g6+
Kf7 59. Rg7+ Kf6 60. R7g6+ Kf7 61. Rd6 Ke7 62. Rgd5 Rb1 63. Rd7+ Ke6 64. R7d6+
Ke7 65. Kb3 Nd3+ 66. Kc2 1-0

[Event "ch-RUS Blitz 2016"]
[Site "Sochi RUS"]
[Date "2016.10.04"]
[Round "16.11"]
[White "Afanasiev, Nikita"]
[Black "Khairullin, Ildar"]
[Result "0-1"]
[WhiteTitle "FM"]
[BlackTitle "GM"]
[WhiteElo "2280"]
[BlackElo "2630"]
[WhiteFideId "24183555"]
[BlackFideId "4151348"]
[EventDate "2016.10.04"]

1. d4 Nf6 2. Bf4 g6 3. Nf3 Bg7 4. c3 O-O 5. e3 d6 6. Be2 Nh5 7. Bg5 f5 8. h4 h6
9. Bf4 Qe8 10. Na3 a6 11. Nd2 Nf6 12. Nac4 Nc6 13. a4 e5 14. Bh2 Qe7 15. Qc2 Kh8
16. b4 Bd7 17. Nb3 exd4 18. Nxd4 Ne5 19. Nd2 c5 20. bxc5 dxc5 21. N4f3 Neg4 22.
Bf4 Nh5 23. g3 Nxf4 24. gxf4 Nxe3 25. fxe3 Qxe3 26. Ne5 Qg3+ 27. Kd1 Be8 28. Nd3
Rd8 29. Kc1 Bc6 30. Rf1 Qe3 31. Kb1 Qxe2 32. Re1 Qxd3 0-1

[Event "ch-RUS Blitz 2016"]
[Site "Sochi RUS"]
[Date "2016.10.04"]
[Round "16.12"]
[White "Sychev, Klementy"]
[Black "Vitiugov, Nikita"]
[Result "1/2-1/2"]
[WhiteTitle "IM"]
[BlackTitle "GM"]
[WhiteElo "2445"]
[BlackElo "2721"]
[WhiteFideId "4114060"]
[BlackFideId "4152956"]
[EventDate "2016.10.04"]

1. d4 d5 2. Nc3 c6 3. Bf4 Qb6 4. Na4 Qa5+ 5. Nc3 Nf6 6. Qd2 g6 7. f3 c5 8. O-O-O
cxd4 9. Qxd4 Nc6 10. Qd2 d4 11. Nb1 Qxa2 12. e3 dxe3 13. Qxe3 Bg7 14. Bh6 O-O
15. Bxg7 Kxg7 16. Ne2 Bf5 17. g4 Bxc2 18. Nec3 Qb3 19. Nd2 Bxd1 20. Nxb3 Bxb3
21. Bb5 Be6 22. h4 Rad8 23. h5 Nd4 24. hxg6 fxg6 25. Kb1 Rf7 26. Bd3 Bb3 27. Ne2
Nxe2 28. Bxe2 Bd5 29. Rd1 e6 30. f4 Rc8 31. Qe5 Be4+ 32. Bd3 Bxd3+ 33. Rxd3 Kg8
34. Qxe6 Re8 35. Qb3 Kg7 36. g5 Nh5 37. f5 gxf5 38. Rh3 Kg6 39. Qf3 Ng7 40. Qf4
Ne6 41. Rh6+ Kg7 42. Qe5+ Kg8 1/2-1/2

[Event "ch-RUS Blitz 2016"]
[Site "Sochi RUS"]
[Date "2016.10.04"]
[Round "16.13"]
[White "Alekseev, Evgeny"]
[Black "Rozum, Ivan"]
[Result "1-0"]
[WhiteTitle "GM"]
[BlackTitle "GM"]
[WhiteElo "2636"]
[BlackElo "2590"]
[WhiteFideId "4138147"]
[BlackFideId "24104272"]
[EventDate "2016.10.04"]

1. Nf3 b6 2. e4 Bb7 3. Nc3 e6 4. d4 Bb4 5. Bd3 Bxc3+ 6. bxc3 d6 7. O-O Nd7 8.
Bg5 f6 9. Be3 Qe7 10. Nd2 Qf7 11. c4 Ne7 12. Nb3 O-O 13. f3 f5 14. Qe2 Qg6 15.
Nd2 Nf6 16. exf5 exf5 17. Rae1 Rae8 18. Qd1 Qh5 19. c3 Ng6 20. Qc2 Bc8 21. Re2
Re7 22. Rfe1 Rfe8 23. Nf1 Kf8 24. Ng3 Qh4 25. Bxf5 Be6 26. Bxe6 Rxe6 27. Qd3 Kf7
28. Qf5 h6 29. Qd3 Nf4 30. Bxf4 Qxf4 31. Rxe6 Rxe6 32. Rxe6 Kxe6 33. Kf2 Kf7 34.
Ke2 Qh4 35. Nf1 Qg5 36. Ne3 Qh4 37. h3 g6 38. Qc2 Nh5 39. Qa4 Nf4+ 40. Kf1 Nd3
41. Qd7+ Kf8 42. Qc8+ Kf7 43. Qxc7+ Ke6 44. Qc8+ Kf7 45. Qd7+ Kg8 46. Qe8+ Kg7
47. Qd7+ Kg8 48. Qe8+ Kg7 49. Ke2 Nf4+ 50. Kd1 Qf2 51. Qe7+ Kg8 52. Qe8+ Kg7 53.
Qe7+ Kg8 54. Qd8+ Kg7 55. Qf6+ Kxf6 56. Ng4+ Kf5 57. Nxf2 Nxg2 58. Kd2 Kf4 59.
Ne4 Kxf3 60. Nxd6 Nf4 61. c5 bxc5 62. dxc5 Ne6 63. c6 Nc7 64. c4 Kg3 65. Nb5 Na6
66. c7 Nxc7 67. Nxc7 Kxh3 68. c5 g5 69. c6 g4 70. Nd5 g3 71. c7 1-0

[Event "ch-RUS Blitz 2016"]
[Site "Sochi RUS"]
[Date "2016.10.04"]
[Round "16.14"]
[White "Sharafiev, Azat"]
[Black "Golubov, Saveliy"]
[Result "1-0"]
[WhiteTitle "IM"]
[BlackTitle "IM"]
[WhiteElo "2418"]
[BlackElo "2481"]
[WhiteFideId "4186214"]
[BlackFideId "24176729"]
[EventDate "2016.10.04"]

1. Nf3 Nf6 2. c4 g6 3. Nc3 Bg7 4. e4 d6 5. d4 O-O 6. Be2 e5 7. Be3 Ng4 8. Bg5 f6
9. Bh4 Nc6 10. d5 Ne7 11. Nd2 Nh6 12. f3 c5 13. O-O f5 14. a3 Nf7 15. b4 b6 16.
Rb1 Bh6 17. Bf2 Bxd2 18. Qxd2 f4 19. Na4 g5 20. bxc5 bxc5 21. Nxc5 dxc5 22. Bxc5
Nd6 23. Bf2 g4 24. c5 gxf3 25. gxf3 Nf7 26. Kh1 Ng6 27. Rg1 Ng5 28. d6 Nh3 29.
Rxg6+ hxg6 30. Qd5+ Kh7 31. Bg1 Nxg1 32. Rxg1 Bh3 33. c6 Qf6 34. c7 Be6 35. Qb7
Kh6 36. Qc6 Bh3 37. Bb5 a6 38. d7 Qf7 39. Qxa8 Rxa8 40. d8=Q Rc8 41. Bxa6 Rxc7
42. Qh4+ Kg7 43. Qxh3 Rc3 44. Bc8 Rxa3 45. Bf5 Ra6 46. Qh4 Qf8 47. Qg5 Qa3 48.
Bg4 Qd6 49. Bf5 Qa3 50. Bg4 Qd6 51. Qh4 Rb6 52. Qe1 Qa3 53. Qc1 Qd6 54. Rd1 Qf6
55. Qc7+ Kh6 56. Qc3 Rc6 57. Qb2 Rb6 58. Qd2 Rb8 59. Qd6 Qh8 60. Bf5 Rg8 61. Rg1
Qh7 62. Qxe5 gxf5 63. Qxf4+ Kh5 64. Rxg8 Qxg8 65. Qxf5+ Kh4 66. Qf4+ Kh5 67. Qg3
Qa2 68. h4 Qe2 69. Qg5# 1-0

[Event "ch-RUS Blitz 2016"]
[Site "Sochi RUS"]
[Date "2016.10.04"]
[Round "16.15"]
[White "Levin, Evgeny A."]
[Black "Zakhartsov, Vladimir"]
[Result "0-1"]
[WhiteTitle "GM"]
[BlackTitle "IM"]
[WhiteElo "2505"]
[BlackElo "2452"]
[WhiteFideId "4182596"]
[BlackFideId "4145097"]
[EventDate "2016.10.04"]

1. d4 Nf6 2. Nf3 e6 3. Bg5 Be7 4. Nbd2 d5 5. e3 O-O 6. Bd3 c5 7. c3 b6 8. Qe2
Bb7 9. O-O Nbd7 10. h3 a6 11. a4 Qc7 12. Rfd1 Bd6 13. e4 cxd4 14. Nxd4 dxe4 15.
Nxe4 Nxe4 16. Bxe4 Bxe4 17. Qxe4 Nc5 18. Qc6 h6 19. Qxc7 Bxc7 20. Be7 Rfc8 21.
Bxc5 bxc5 22. Nc2 Rab8 23. Rab1 Be5 24. Ne3 c4 25. Kf1 Rc5 26. Rd2 Bxc3 27. Rc2
Bd4 28. Nxc4 Rb3 29. Ke2 e5 30. Kd2 e4 31. Re1 f5 32. f3 exf3 33. gxf3 Rxf3 34.
Re8+ Kh7 35. Na3 0-1

[Event "ch-RUS Blitz 2016"]
[Site "Sochi RUS"]
[Date "2016.10.04"]
[Round "16.16"]
[White "Lugovskoy, Maxim"]
[Black "Dreev, Aleksey"]
[Result "1-0"]
[WhiteTitle "IM"]
[BlackTitle "GM"]
[WhiteElo "2436"]
[BlackElo "2660"]
[WhiteFideId "24126454"]
[BlackFideId "4100107"]
[EventDate "2016.10.04"]

1. d4 Nf6 2. Nf3 e6 3. c4 Bb4+ 4. Nbd2 O-O 5. a3 Be7 6. e4 d6 7. Qc2 Nfd7 8. b4
e5 9. d5 a5 10. Bb2 axb4 11. axb4 Rxa1+ 12. Bxa1 c5 13. dxc6 bxc6 14. Be2 Nf6
15. O-O Nh5 16. Rd1 Nf4 17. Bf1 Bg4 18. h3 Bh5 19. Bc3 Nd7 20. Qa4 Qc7 21. Ra1
Rb8 22. Qa5 Qc8 23. Qa6 Qc7 24. Qa5 Qc8 25. Qa6 Qc7 26. Qa5 1-0

[Event "ch-RUS Blitz 2016"]
[Site "Sochi RUS"]
[Date "2016.10.04"]
[Round "16.17"]
[White "Belyakov, Bogdan"]
[Black "Sakaev, Konstantin"]
[Result "1-0"]
[WhiteTitle "IM"]
[BlackTitle "GM"]
[WhiteElo "2487"]
[BlackElo "2594"]
[WhiteFideId "24104795"]
[BlackFideId "4104226"]
[EventDate "2016.10.04"]

1. e4 c5 2. c3 d5 3. exd5 Qxd5 4. d4 Nf6 5. Nf3 Bf5 6. Be2 cxd4 7. cxd4 Bxb1 8.
Rxb1 Nc6 9. O-O e6 10. Qa4 Bd6 11. Bg5 O-O 12. Bxf6 gxf6 13. Qb5 Qxb5 14. Bxb5
Nb4 15. a3 Nd5 16. Bc4 Nb6 17. Bb3 Rfd8 18. Rbc1 Rd7 19. g3 Rad8 20. Rc2 Rc7 21.
Rfc1 Rxc2 22. Rxc2 Kf8 23. Kf1 Ke7 24. Ke2 f5 25. Nd2 Bb8 26. Ke3 a6 27. f4 Nd7
28. Nc4 Nf6 29. Na5 Ba7 30. Rc7+ Kf8 31. Rxb7 Bxd4+ 32. Kf3 Bxb2 33. Nc6 Rd2 34.
h3 Ne4 35. Bc4 Rf2+ 36. Ke3 Bc1+ 37. Kd4 Rd2+ 38. Bd3 Bxa3 39. Ne5 f6 40. Nd7+
Ke8 41. Ke3 Rb2 42. Bxe4 fxe4 43. Nxf6+ Kd8 44. Rd7+ Kc8 45. Rxh7 Rb3+ 46. Kxe4
Rxg3 47. Nd7 a5 48. h4 Bb2 49. h5 Kd8 50. Nb6 Rb3 51. Nc4 a4 52. Nxb2 Rxb2 53.
h6 Rh2 54. Ke5 a3 55. Kd6 Kc8 56. Ra7 Rxh6 57. Rxa3 Rf6 58. Ra4 Rh6 59. Re4 Rf6
60. Ke7 Rh6 61. Rxe6 Rh7+ 62. Kf6 Kd7 63. Re1 Rh6+ 64. Kg7 1-0

[Event "ch-RUS Blitz 2016"]
[Site "Sochi RUS"]
[Date "2016.10.04"]
[Round "16.18"]
[White "Paravyan, David"]
[Black "Shcherbakov, Ruslan"]
[Result "1-0"]
[WhiteTitle "IM"]
[BlackTitle "GM"]
[WhiteElo "2528"]
[BlackElo "2516"]
[WhiteFideId "4194985"]
[BlackFideId "4102240"]
[EventDate "2016.10.04"]

1. f4 Nf6 2. Nf3 g6 3. g3 b6 4. Bg2 Bb7 5. O-O Bg7 6. d3 d5 7. c3 O-O 8. Qe1 Na6
9. Ne5 Nc5 10. Nd2 Ncd7 11. Ndf3 Nxe5 12. fxe5 Ne8 13. Bf4 c5 14. Qd2 Nc7 15. d4
Ne6 16. Bh6 f5 17. Bxg7 Kxg7 18. Rad1 h6 19. Nh4 cxd4 20. cxd4 Rc8 21. Rc1 Qd7
22. Rxc8 Qxc8 23. Rc1 Qd7 24. Qb4 Ng5 25. Nf3 Ne6 26. e3 Rc8 27. Rxc8 Bxc8 28.
Nd2 Ba6 29. Nb1 Bd3 30. Nc3 Nc7 31. a4 Be4 32. Bf1 h5 33. a5 bxa5 34. Qxa5 Ne6
35. h4 g5 36. Qa6 gxh4 37. Bb5 Nc7 38. Qxa7 f4 39. Bxd7 1-0

[Event "ch-RUS Blitz 2016"]
[Site "Sochi RUS"]
[Date "2016.10.04"]
[Round "16.19"]
[White "Sadovsky, Artem"]
[Black "Gabrielian, Artur"]
[Result "0-1"]
[BlackTitle "GM"]
[WhiteElo "2414"]
[BlackElo "2524"]
[WhiteFideId "4155840"]
[BlackFideId "4131002"]
[EventDate "2016.10.04"]

1. e4 c5 2. Nf3 d6 3. c3 Nf6 4. h3 g6 5. Bd3 Bg7 6. Bc2 O-O 7. d4 cxd4 8. cxd4
Nc6 9. Nc3 b6 10. O-O Bb7 11. Re1 Rc8 12. Bg5 h6 13. Be3 Nd7 14. Qd2 Kh7 15.
Rad1 Na5 16. b3 Qc7 17. Rc1 Qxc3 18. Qe2 Qb4 19. Bd2 Qa3 20. Bb1 Nc6 21. Bc3
Nxd4 22. Nxd4 Bxd4 23. Bd2 Ne5 24. Kh1 Ba6 25. Qd1 Bxf2 0-1

[Event "ch-RUS Blitz 2016"]
[Site "Sochi RUS"]
[Date "2016.10.04"]
[Round "16.20"]
[White "Matinian, Nikita"]
[Black "Tekeyev, Zaur"]
[Result "1/2-1/2"]
[WhiteTitle "IM"]
[BlackTitle "FM"]
[WhiteElo "2495"]
[BlackElo "2357"]
[WhiteFideId "24129100"]
[BlackFideId "4199731"]
[EventDate "2016.10.04"]

1. e4 c5 2. Nf3 Nc6 3. Bb5 g6 4. Bxc6 dxc6 5. h3 Bg7 6. d3 Nf6 7. Nc3 O-O 8. Be3
b6 9. Qd2 e5 10. Bh6 Qd6 11. Bxg7 Kxg7 12. Qg5 Re8 13. O-O h6 14. Qe3 Nh5 15.
Ne2 a5 16. a4 Qf6 17. Nd2 Nf4 18. Nc4 Rb8 19. Nxf4 exf4 20. Qf3 Be6 21. e5 Qg5
22. Rae1 h5 23. Re4 Bd5 24. Qxf4 Qxf4 25. Rxf4 Bxc4 26. Rxc4 Rxe5 27. Rd1 b5 28.
axb5 cxb5 29. Re4 Rd5 30. b3 Ra8 31. Ra1 Rd4 32. Re5 c4 33. dxc4 bxc4 34. Rexa5
Rxa5 35. Rxa5 Rd1+ 36. Kh2 Rd2 37. bxc4 Rxc2 38. c5 Rxf2 39. Kg3 Rf5 40. Kh2 h4
41. Ra4 Rxc5 42. Rxh4 1/2-1/2

[Event "ch-RUS Blitz 2016"]
[Site "Sochi RUS"]
[Date "2016.10.04"]
[Round "17.2"]
[White "Chigaev, Maksim"]
[Black "Savchenko, Boris"]
[Result "1-0"]
[WhiteTitle "IM"]
[BlackTitle "GM"]
[WhiteElo "2551"]
[BlackElo "2613"]
[WhiteFideId "4108116"]
[BlackFideId "4147332"]
[EventDate "2016.10.04"]

1. e4 e6 2. d4 d5 3. Nc3 Bb4 4. a3 Bxc3+ 5. bxc3 Ne7 6. Bd3 c5 7. Nf3 h6 8. O-O
c4 9. Be2 Nbc6 10. a4 Qa5 11. Bb2 O-O 12. Re1 Bd7 13. Bf1 Ng6 14. Qd2 Rad8 15.
h4 dxe4 16. Rxe4 Nce7 17. Ne5 Bc6 18. Nxc6 bxc6 19. Bxc4 Nf5 20. Ba3 Rfe8 21. h5
Ne5 22. Bb3 Nd7 23. Rae1 Nf6 24. Re5 Qc7 25. Qe2 Nd5 26. Qf3 Qa5 27. Bc1 Qxc3
28. Bxd5 Qxc2 29. Be4 Nxd4 30. Bxc2 Nxf3+ 31. gxf3 Rd5 32. Rxd5 cxd5 33. Bd3 Rc8
34. Bd2 Kf8 35. Rc1 Rb8 36. Rb1 Rc8 37. Rb7 a5 38. Kg2 e5 39. Rb5 Rd8 40. Bxa5
Ra8 41. Bb4+ Kg8 42. a5 e4 43. fxe4 dxe4 44. Bxe4 Rxa5 45. Rb8# 1-0

[Event "ch-RUS Blitz 2016"]
[Site "Sochi RUS"]
[Date "2016.10.04"]
[Round "17.3"]
[White "Ponkratov, Pavel"]
[Black "Pridorozhni, Aleksei"]
[Result "1-0"]
[WhiteTitle "GM"]
[BlackTitle "GM"]
[WhiteElo "2589"]
[BlackElo "2579"]
[WhiteFideId "4157800"]
[BlackFideId "4127870"]
[EventDate "2016.10.04"]

1. b3 c5 2. Bb2 Nc6 3. e3 d5 4. Bb5 Bd7 5. Nf3 Qb6 6. Bxc6 Bxc6 7. Ne5 Nf6 8.
O-O e6 9. d3 Be7 10. Nd2 O-O 11. Qf3 Be8 12. Qg3 Nh5 13. Qh3 f6 14. Nef3 g6 15.
a4 Rd8 16. d4 cxd4 17. Bxd4 Qc6 18. Bxa7 e5 19. c4 Ng7 20. cxd5 Qxd5 21. e4 Qd3
22. Be3 Bd7 23. Qh6 Be6 24. Rfc1 Rc8 25. Ne1 Qd7 26. Nc4 Rc6 27. Nb6 Rxc1 28.
Rxc1 Qd8 29. Nc4 Qd7 30. Qh4 Rd8 31. f3 b5 32. Nb6 Qb7 33. axb5 Bxb3 34. Qf2 Bf7
35. Qc2 Ne6 36. Qc6 Rb8 37. Nd5 Bd8 38. Qxb7 Rxb7 39. b6 Kg7 40. Nd3 Rb8 41. Rb1
Be8 42. Nc5 Nd4 43. Bxd4 exd4 44. Ne6+ Kf7 45. Nxd4 Bd7 46. Kf2 f5 47. Ke3 fxe4
48. fxe4 Ke8 49. e5 Kf7 50. Ke4 Kg7 51. e6 Ba4 52. Rb4 Be8 53. Ke5 Bg5 54. Kd6
Rd8+ 55. Ke5 Bd2 56. Rb3 Bg5 57. b7 Rb8 58. Kd6 Rd8+ 59. Kc5 Rb8 60. Nc6 1-0